000 00466nam a2200181Ia 4500
005 20250508160342.0
008 008 250505s9999 xx 000 0 eng d
037 _aTextual
040 _aFEDL
_beng
_cFEDL
041 _aeng
_2eng
084 _a378.99, MCG
_qFEDL
100 _aMcGrath Earl J
245 0 _aLiberal education in the professions
260 _c1961
300 _avi,63p
942 _cTEXL
_h378.99, MCG
999 _c1363939
_d1363939